000 00776nam a2200145Ia 4500
008 171212s9999 xx 000 0 und d
020 _a9781921313493
100 _aTiernan, Anne;Menzies, Jennifer
245 _cTiernan, Anne;Menzies, Jennifer
_aCaretaker Conventions in Australasia
_bMinding the Shop for Government
260 _bANU E Press
_c2007
440 _aAustralia and New Zealand School of Government (ANZSOG)
650 _aPolitical Science
650 _aPublic administration -- Australia -- Decision making; Public administration -- New Zealand -- Decision making; Public administration -- Australia; Public administration -- New Zealand; Elections -- Australia; Elections -- New Zealand; Australia -- Politi
856 _uwww.jstor.org/stable/10.2307/j.ctt24h82w
999 _c351025
_d351025